Reinas de España (Record no. 177822)

MARC details
000 -LEADER
campo de control de longitud fija 00850nam a22002415i 4500
001 - NÚMERO DE CONTROL
campo de control 177822
003 - IDENTIFICADOR DE NÚMERO DE CONTROL
campo de control ES-MaACL
005 - FECHA Y HORA DE LA ÚLTIMA TRANSACCIÓN
campo de control 20251005063135.0
008 - DATOS DE LONGITUD FIJA--INFORMACIÓN GENERAL
campo de control de longitud fija 110428s2009 sp afo |||| | spa d
017 ## - NÚMERO DE COPYRIGHT O DE DEPÓSITO LEGAL
Número de copyright o de depósito legal M.554-2009
020 ## - NÚMERO INTERNACIONAL ESTÁNDAR DEL LIBRO
Número Internacional Estándar del Libro 9788497348041
080 ## - NÚMERO DE LA CLASIFICACIÓN DECIMAL UNIVERSAL
Número de la Clasificación Decimal Universal 929.731-055.2(460)"17/20"
100 1# - ENTRADA PRINCIPAL--NOMBRE DE PERSONA
Nombre de persona Rubio, María José,
Fechas asociadas al nombre 1965-
9 (RLIN) 146322
245 10 - MENCIÓN DEL TÍTULO
Título Reinas de España
Resto del título : siglos XVIII-XXI : de María Luisa Gabriela de Saboya a Letizia Ortiz /
Mención de responsabilidad, etc. María José Rubio.
250 ## - MENCION DE EDICION
Mención de edición 1ª ed.
260 ## - PUBLICACIÓN, DISTRIBUCIÓN, ETC.
Lugar de publicación, distribución, etc. Madrid :
Nombre del editor, distribuidor, etc. La Esfera de los Libros,
Fecha de publicación, distribución, etc. 2009.
300 ## - DESCRIPCIÓN FÍSICA
Extensión 969, [48] p. de lám. col. :
Otras características físicas il. bl. y n. ;
Dimensiones 25 cm.
651 #7 - PUNTO DE ACCESO ADICIONAL DE MATERIA--NOMBRE GEOGRÁFICO
Nombre geográfico España-
Subdivisión general Reinas-
Subdivisión de forma Biografías
Fuente del encabezamiento o término
9 (RLIN) 146323
852 ## - LOCALIZACIÓN
Ubicación ES-MaACL
itemnumber R.145747
Número de control de estantería A -11117
Signatura antigua Olim:N-4122
Ubicación en estantería Depósito 1
942 ## - ELEMENTOS DE ENTRADA SECUNDARIOS (KOHA)
Fuente del sistema de clasificación o colocación Clasificación decimal universal
Tipo de ítem Koha Libro impreso
Holdings
Estatus retirado Estado de pérdida Fuente del sistema de clasificación o colocación Estado de daño No para préstamo Biblioteca de origen Biblioteca actual Ubicación en estantería Fecha de adquisición Fuente de adquisición Total de préstamos Signatura topográfica completa Código de barras Visto por última vez Precio de reemplazo Tipo de ítem Koha
    Clasificación decimal universal     Biblioteca del Ateneo de Madrid Biblioteca del Ateneo de Madrid Depósito 1 28/04/2011 Compra   A-11117 1186805 23/02/2023 23/02/2023 Libro impreso